SUPREME COURT CRIMINAL APPEAL NO. 2 OF 1993 FRANK NDAHERE VS UGANDA (Record no. 8690)

MARC details
000 -LEADER
fixed length control field 00476nam a22001097a 4500
008 - FIXED-LENGTH DATA ELEMENTS--GENERAL INFORMATION
fixed length control field 190715b xxu||||| |||| 00| 0 eng d
010 ## - LIBRARY OF CONGRESS CONTROL NUMBER
LC control number SCCA F:26B
245 ## - TITLE STATEMENT
Title SUPREME COURT CRIMINAL APPEAL NO. 2 OF 1993 FRANK NDAHERE VS UGANDA
260 ## - PUBLICATION, DISTRIBUTION, ETC. (IMPRINT)
Name of publisher, distributor, etc SUPREME COURT MENGO
Date of publication, distribution, etc 1993
500 ## - GENERAL NOTE
General note (CORAM: MANYINDO, D. C. J., ODOKI, J.S.C., ODER, J.S.C.)
500 ## - GENERAL NOTE
General note (APPEAL FROM THE JUDGEMENT OF THE HIGH COURT AT KABALE (BERKO, J) DATED 5TH FEBRUARY 1993)<br/><br/><br/><br/><br/><br/><br/><br/><br/><br/><br/><br/><br/><br/><br/><br/><br/>
Holdings
Withdrawn status Lost status Source of classification or shelving scheme Damaged status Koha normalized classification for sorting Not for loan Location (home branch) Sublocation or collection (holding branch) Shelving location Date acquired Koha issues (times borrowed) Koha full call number Piece designation (barcode) Koha date last seen Price effective from Koha item type Public note
    Dewey Decimal Classification   SCCAF__26B   Law Development Centre Main Library Law Development Centre Main Library Law Reports 07/15/2019   SCCAF: 26B 599/2019 07/15/2019 07/15/2019 Un Reported Cases JUDGEMENT WAS ENTERED ON 31ST OF DECEMBER 1993